| 000 | 00751nam a2200253 a 4500 | ||
|---|---|---|---|
| 001 | 75602 | ||
| 003 | BD-RjUL | ||
| 005 | 20211209082721.0 | ||
| 008 | 190429s1960 nyua 000 0 eng | ||
| 035 | _a(BD-RjUL)75820 | ||
| 040 |
_aDLC _cCarP _dDLC _dBD-RjUL _beng |
||
| 041 | _aeng | ||
| 082 |
_223 _a658.302 _bLEM 1960 |
||
| 100 | 1 |
_aLewis, Bernard T. _9231376 |
|
| 245 | 1 | 0 |
_aManagement guide for maintenance supervisors / _cBy Bernard T. Lewis and William W. Pearson. |
| 260 |
_aNew York, _bJ. F. Rider _c[1960] |
||
| 300 |
_a57 p.: _billus.; _c22 cm. |
||
| 650 | 0 |
_aSupervisors. _9231377 |
|
| 650 | 0 |
_aPlant maintenance. _9231378 |
|
| 700 | 1 |
_aPearson, William W. _9231380 |
|
| 942 |
_2ddc _cBK |
||
| 999 |
_c75602 _d75602 |
||